000 00791nam a2200265Ia 4500
001 Z_443
003 CHAP
008 220113s1979 xx 000 0 und d
010 _a163420
040 _cCHAP
090 _aTesis G 48
100 _aGrijalva Peralta, José Angel
_950725
245 _aMetodología general para la formulación del diagnóstico agropecuario /
_cpor José Angel Grijalva Peralta
260 _aChapingo, Méx. :
_bEl autor,
_c1979
300 _a144 h.
502 _aTesis (Ing. Agrónomo Esp. en Zootecnia) -- UACH. Departamento de Zootecnia
650 _aAgricultura
_xPlaneación
_xMéxico
_9137635
650 _aPolítica ganadera
_xMéxico
_9137636
901 _aTESIS G 48
902 _aM
910 _a1979
942 _c2
942 _c2
999 _c163420
_d163420